[Event "Migoya Memorial tt"]
[Site "Camaguey"]
[Date "2018.09.27"]
[Round "10.2"]
[White "Robaina Hernandez, Carlos"]
[Black "Cantillo Barroso, Rafael"]
[Result "1/2-1/2"]
[WhiteElo "2124"]
[BlackElo "2173"]
[PlyCount "24"]
[EventDate "2018.09.20"]
[EventType "team-tourn"]
[EventRounds "10"]
[EventCountry "CUB"]
[SourceTitle "EXT 2021"]
[Source "ChessBase"]
[SourceDate "2020.10.23"]
[SourceVersion "1"]
[SourceVersionDate "2020.10.23"]
[SourceQuality "1"]

1. e4 e5 2. Nf3 Nf6 3. Nc3 d6 4. Bc4 Be7 5. 0-0 0-0 6. h3 Nc6 7. d4 a6 8. dxe5 dxe5 9. Qxd8 Rxd8 10. Nd5 Nxd5 11. Bxd5 Nb4 12. Bb3 Bf6 1/2-1/2

[Event "Migoya Memorial tt"]
[Site "Camaguey"]
[Date "2018.09.23"]
[Round "1.3"]
[White "Solares Orozco, Kebert"]
[Black "Cantillo Barroso, Rafael"]
[Result "1-0"]
[WhiteElo "2185"]
[BlackElo "2173"]
[PlyCount "71"]
[EventDate "2018.09.20"]
[EventType "team-tourn"]
[EventRounds "10"]
[EventCountry "CUB"]
[SourceTitle "EXT 2021"]
[Source "ChessBase"]
[SourceDate "2020.10.23"]
[SourceVersion "1"]
[SourceVersionDate "2020.10.23"]
[SourceQuality "1"]

1. d4 Nf6 2. c4 g6 3. Nc3 Bg7 4. e4 d6 5. f4 0-0 6. Nf3 Bg4 7. Be2 Nfd7 8. 0-0 Nc6 9. e5 dxe5 10. fxe5 Nb6 11. Be3 Qd7 12. Qd2 Rad8 13. Rad1 Qc8 14. Qc1 f6 15. e6 Bxf3 16. gxf3 f5 17. d5 Ne5 18. c5 Nbc4 19. Bg5 f4 20. Bxc4 Nxc4 21. Bxe7 Ne3 22. Rfe1 Rf5 23. Rxe3 fxe3 24. Bxd8 Qxd8 25. Qxe3 Be5 26. Ne4 Bf4 27. Qf2 Rh5 28. d6 cxd6 29. cxd6 Re5 30. e7 Rxe7 31. Qh4 g5 32. Nf6+ Kh8 33. Qh6 Rf7 34. d7 Qb6+ 35. Kh1 Bc7 36. Re1 1-0

[Event "Capablanca Memorial op 53rd"]
[Site "Havana"]
[Date "2018.05.15"]
[Round "6"]
[White "Cantillo Barroso, Rafael"]
[Black "Nieto Rego, Ana"]
[Result "1-0"]
[WhiteElo "2174"]
[BlackElo "1903"]
[PlyCount "59"]
[EventDate "2018.05.09"]
[EventType "swiss"]
[EventRounds "10"]
[EventCountry "CUB"]
[SourceTitle "EXT 2021"]
[Source "ChessBase"]
[SourceDate "2020.10.23"]
[SourceVersion "1"]
[SourceVersionDate "2020.10.23"]
[SourceQuality "1"]

1. e4 c5 2. Nf3 e6 3. c3 d5 4. e5 Nc6 5. d4 Qb6 6. a3 cxd4 7. cxd4 Nge7 8. Nc3 Nf5 9. Na4 Qc7 10. g4 Nfe7 11. Bd3 Bd7 12. b4 Ng6 13. Be3 Be7 14. Rc1 a6 15. Nc5 Bxc5 16. Rxc5 Qb6 17. h4 Nge7 18. h5 Na7 19. h6 g6 20. Ng5 Bb5 21. Bxb5+ Nxb5 22. Qf3 Kd7 23. 0-0 Rhf8 24. Rfc1 Nc6 25. a4 Na3 26. b5 axb5 27. axb5 Nd8 28. Qf6 Nc4 29. R1xc4 dxc4 30. d5 1-0

[Event "Guantanamo Guaso-A"]
[Site "Guantanamo"]
[Date "2018.04.21"]
[Round "10"]
[White "Mastrapa Gonzalez, Roger Sandro"]
[Black "Cantillo Barroso, Rafael"]
[Result "1-0"]
[WhiteElo "2182"]
[BlackElo "2166"]
[PlyCount "99"]
[EventDate "2018.04.16"]
[EventType "tourn"]
[EventRounds "10"]
[EventCountry "CUB"]
[SourceTitle "EXT 2021"]
[Source "ChessBase"]
[SourceDate "2020.10.23"]
[SourceVersion "1"]
[SourceVersionDate "2020.10.23"]
[SourceQuality "1"]

1. d4 Nf6 2. c4 g6 3. Nc3 Bg7 4. e4 d6 5. f3 0-0 6. Be3 e5 7. d5 c6 8. Nge2 cxd5 9. cxd5 Nbd7 10. g4 h5 11. h3 Nh7 12. Rg1 h4 13. g5 a6 14. Nc1 b5 15. Nd3 Bb7 16. Qd2 Rc8 17. Rc1 Qa5 18. b3 f5 19. gxf6 Rxf6 20. Be2 Ndf8 21. Nb1 Rxc1+ 22. Nxc1 Qd8 23. Nd3 Rf7 24. Qb4 g5 25. Nc3 Bc8 26. Nf2 Ng6 27. a4 a5 28. Qxb5 Rb7 29. Qc6 Rxb3 30. Bb5 Nf4 31. Bb6 Qf8 32. Bc7 Nxh3 33. Bxd6 Qd8 34. Be7 Qxe7 35. Qxc8+ Nf8 36. Bc4 Qa7 37. d6+ Kh8 38. Bxb3 Qxf2+ 39. Kd1 Qxg1+ 40. Kc2 Qf2+ 41. Kb1 Qd4 42. Nb5 Qd3+ 43. Bc2 Qf1+ 44. Kb2 Nf4 45. d7 N4e6 46. Nc7 h3 47. Nxe6 h2 48. d8Q Qxf3 49. Nxf8 h1Q 50. Ne6+ 1-0

[Event "Guantanamo Guaso-A"]
[Site "Guantanamo"]
[Date "2018.04.16"]
[Round "1"]
[White "Perez Lorenzo, Enmanuel"]
[Black "Cantillo Barroso, Rafael"]
[Result "0-1"]
[WhiteElo "1975"]
[BlackElo "2166"]
[PlyCount "96"]
[EventDate "2018.04.16"]
[EventType "tourn"]
[EventRounds "10"]
[EventCountry "CUB"]
[SourceTitle "EXT 2021"]
[Source "ChessBase"]
[SourceDate "2020.10.23"]
[SourceVersion "1"]
[SourceVersionDate "2020.10.23"]
[SourceQuality "1"]

1. e4 c5 2. Nf3 d6 3. d4 cxd4 4. Nxd4 Nf6 5. Nc3 a6 6. Bg5 Nc6 7. Nxc6 bxc6 8. e5 Qa5 9. Bxf6 gxf6 10. exd6 Qe5+ 11. Be2 Qxd6 12. Qxd6 exd6 13. 0-0-0 d5 14. Rhe1 Kd8 15. Ne4 Kc7 16. Nxf6 Bb4 17. c3 Bc5 18. Rf1 a5 19. g4 Be7 20. g5 h6 21. h4 hxg5 22. hxg5 Rh2 23. c4 Bxf6 24. gxf6 Be6 25. b3 Rg8 26. cxd5 Bxd5 27. Bc4 Bxc4 28. bxc4 Rg6 29. Rfe1 Kb6 30. Rd2 Rxf6 31. Ree2 Kc5 32. Rc2 Rf5 33. Kb2 Rh3 34. Re3 Rxe3 35. fxe3 Re5 36. Rc3 Re4 37. Kb3 f5 38. a3 Rh4 39. Rc2 Rh3 40. Rc3 Rh4 41. Rc2 a4+ 42. Kxa4 Rxc4+ 43. Kb3 Rxc2 44. Kxc2 Kc4 45. Kb2 Kd3 46. a4 Kc4 47. Kc2 Kb4 48. Kd3 c5 0-1

[Event "Moncada Cup-D"]
[Site "Santiago de Cuba"]
[Date "2018.03.27"]
[Round "10"]
[White "Vazquez Lopez, Roberto Carlos"]
[Black "Cantillo Barroso, Rafael"]
[Result "1-0"]
[WhiteElo "2143"]
[BlackElo "2208"]
[PlyCount "65"]
[EventDate "2018.03.20"]
[EventType "tourn"]
[EventRounds "10"]
[EventCountry "CUB"]
[SourceTitle "EXT 2021"]
[Source "ChessBase"]
[SourceDate "2020.10.23"]
[SourceVersion "1"]
[SourceVersionDate "2020.10.23"]
[SourceQuality "1"]

1. d4 Nf6 2. c4 g6 3. Nc3 Bg7 4. e4 d6 5. f3 0-0 6. Bg5 c5 7. d5 a6 8. Qd2 e6 9. 0-0-0 Qa5 10. Kb1 e5 11. g4 b5 12. h4 Nbd7 13. h5 Nb6 14. Bh6 b4 15. Bxg7 Kxg7 16. Nce2 Nxc4 17. Qc1 Nb6 18. hxg6 fxg6 19. Qh6+ Kg8 20. g5 Nh5 21. Ng3 c4 22. Nxh5 gxh5 23. Rxh5 Ra7 24. g6 hxg6 25. Rg5 Rg7 26. Rxg6 Rff7 27. Rxd6 Nd7 28. Bxc4 Nf8 29. Qe3 b3 30. axb3 Qc7 31. Rc6 Qd8 32. Rxc8 Qxc8 33. d6 1-0

[Event "Moncada Cup-D"]
[Site "Santiago de Cuba"]
[Date "2018.03.23"]
[Round "5"]
[White "Cantillo Barroso, Rafael"]
[Black "Vazquez Lopez, Roberto Carlos"]
[Result "1-0"]
[WhiteElo "2208"]
[BlackElo "2143"]
[PlyCount "81"]
[EventDate "2018.03.20"]
[EventType "tourn"]
[EventRounds "10"]
[EventCountry "CUB"]
[SourceTitle "EXT 2021"]
[Source "ChessBase"]
[SourceDate "2020.10.23"]
[SourceVersion "1"]
[SourceVersionDate "2020.10.23"]
[SourceQuality "1"]

1. e4 e5 2. Nf3 Nc6 3. Bb5 d6 4. d4 exd4 5. Qxd4 Bd7 6. Bxc6 bxc6 7. Bg5 Qb8 8. 0-0 f6 9. Be3 Ne7 10. Nc3 Ng6 11. Qc4 Be7 12. a3 Qb7 13. b4 Bg4 14. Nd4 Ne5 15. Qa2 Nf7 16. f4 Bd7 17. e5 dxe5 18. Ne6 Bxe6 19. Qxe6 Nd8 20. Qg4 0-0 21. fxe5 Qc8 22. Qg3 f5 23. Rad1 Qe6 24. Ne2 Nf7 25. Nf4 Qc4 26. Rd4 Qa2 27. c4 g5 28. Ne6 Qb2 29. Rd7 Rae8 30. Rxf5 Qb1+ 31. Rf1 Qxf1+ 32. Kxf1 Nxe5+ 33. Nxf8 Rxf8+ 34. Ke2 Nxd7 35. Qxc7 Rd8 36. Qxc6 Bf6 37. Qe6+ Kf8 38. c5 Be7 39. h4 gxh4 40. Bh6+ Ke8 41. Bg5 1-0

[Event "Moncada Cup-D"]
[Site "Santiago de Cuba"]
[Date "2018.03.20"]
[Round "1"]
[White "Serrano, Alain"]
[Black "Cantillo Barroso, Rafael"]
[Result "0-1"]
[WhiteElo "2159"]
[BlackElo "2208"]
[PlyCount "92"]
[EventDate "2018.03.20"]
[EventType "tourn"]
[EventRounds "10"]
[EventCountry "CUB"]
[SourceTitle "EXT 2021"]
[Source "ChessBase"]
[SourceDate "2020.10.23"]
[SourceVersion "1"]
[SourceVersionDate "2020.10.23"]
[SourceQuality "1"]

1. e4 c5 2. Nc3 Nc6 3. g3 g6 4. Bg2 Bg7 5. Nge2 d6 6. d3 Nf6 7. h3 Rb8 8. Be3 e5 9. 0-0 0-0 10. f4 exf4 11. Nxf4 b5 12. Qd2 b4 13. Nd1 Nd4 14. c3 bxc3 15. bxc3 Nc6 16. d4 Na5 17. Qf2 Nc4 18. dxc5 Nxe3 19. Qxe3 dxc5 20. Qxc5 Ba6 21. Re1 Qb6 22. Qxb6 Rxb6 23. Ne3 Nh5 24. Nxh5 gxh5 25. Nd5 Re6 26. Rad1 Be5 27. Nf4 Rh6 28. Rd5 Re8 29. Red1 h4 30. Rd8 Kf8 31. R1d5 Bxc3 32. Rxe8+ Kxe8 33. Rg5 Rb6 34. gxh4 f6 35. Rg8+ Kf7 36. Rd8 Be5 37. Nd3 Ke7 38. Rd5 Bc4 39. Rxe5+ fxe5 40. Nxe5 Bxa2 41. Nf3 a5 42. Nd4 Kf6 43. Kf2 a4 44. Ke3 a3 45. Kf4 Bb1 46. e5+ Ke7 0-1

[Event "Bayamo Cespedes tt"]
[Site "Bayamo"]
[Date "2018.03.03"]
[Round "5.1"]
[White "Cantillo Barroso, Rafael"]
[Black "Almirall Exposito, Pedro Antonio"]
[Result "0-1"]
[WhiteElo "2199"]
[BlackElo "2178"]
[PlyCount "82"]
[EventDate "2018.03.01"]
[EventType "team-tourn"]
[EventRounds "10"]
[EventCountry "CUB"]
[EventCategory "1"]
[SourceTitle "CBM 195 Extra"]
[Source "ChessBase"]
[SourceDate "2020.05.31"]
[SourceVersion "1"]
[SourceVersionDate "2020.05.31"]
[SourceQuality "1"]

1. e4 c5 2. Nf3 e6 3. b4 cxb4 4. d4 d5 5. e5 Qb6 6. Bd3 Bd7 7. 0-0 Bb5 8. a3 Bxd3 9. Qxd3 Nc6 10. axb4 Nxb4 11. Qb3 Rc8 12. Na3 Ne7 13. c3 Na6 14. Nb5 Nc6 15. Qa4 Nc7 16. Nd6+ Bxd6 17. exd6 Nb5 18. d7+ Kxd7 19. Bd2 a6 20. c4 dxc4 21. Qxc4 Ne7 22. Qd3 f6 23. Rfd1 Nd5 24. Qe4 Qd6 25. Ba5 Ke7 26. g4 Kf7 27. g5 Rc6 28. Bd2 Ne7 29. Qg4 Qd5 30. Qh5+ Ng6 31. Nh4 Rcc8 32. Rac1 Nxd4 33. Re1 Rcd8 34. Rb1 Rc8 35. Rbd1 Rhd8 36. Be3 Rc4 37. Rf1 b6 38. f4 b5 39. f5 exf5 40. gxf6 Qe4 41. Bxd4 Qxh4 0-1

[Event "Bayamo Cespedes tt"]
[Site "Bayamo"]
[Date "2018.03.02"]
[Round "3.2"]
[White "Cantillo Barroso, Rafael"]
[Black "Gallar Tamayo, Abel"]
[Result "0-1"]
[WhiteElo "2199"]
[BlackElo "2126"]
[PlyCount "52"]
[EventDate "2018.03.01"]
[EventType "team-tourn"]
[EventRounds "10"]
[EventCountry "CUB"]
[EventCategory "1"]
[SourceTitle "CBM 195 Extra"]
[Source "ChessBase"]
[SourceDate "2020.05.31"]
[SourceVersion "1"]
[SourceVersionDate "2020.05.31"]
[SourceQuality "1"]

1. e4 e6 2. d4 d5 3. e5 c5 4. Nf3 Nc6 5. c3 Qb6 6. Bd3 cxd4 7. 0-0 Bd7 8. a3 Nge7 9. Kh1 dxc3 10. Nxc3 Ng6 11. Qe2 a6 12. b4 Be7 13. g3 Rc8 14. Bb2 0-0 15. Na4 Qa7 16. Rac1 Nxb4 17. Rxc8 Rxc8 18. Bd4 Qb8 19. Nb6 Nxd3 20. Nxd7 Qc7 21. Nb6 Qc2 22. Qe3 Rc6 23. h4 Bxa3 24. Qg5 Be7 25. Qg4 Qe2 26. Kg2 h5 0-1

[Event "Bayamo Cespedes tt"]
[Site "Bayamo"]
[Date "2018.03.01"]
[Round "2.2"]
[White "Charon Mustelier, Manuel"]
[Black "Cantillo Barroso, Rafael"]
[Result "0-1"]
[WhiteElo "2149"]
[BlackElo "2199"]
[PlyCount "80"]
[EventDate "2018.03.01"]
[EventType "team-tourn"]
[EventRounds "10"]
[EventCountry "CUB"]
[EventCategory "1"]
[SourceTitle "CBM 195 Extra"]
[Source "ChessBase"]
[SourceDate "2020.05.31"]
[SourceVersion "1"]
[SourceVersionDate "2020.05.31"]
[SourceQuality "1"]

1. e4 c5 2. Nf3 d6 3. d4 cxd4 4. Nxd4 Nf6 5. Nc3 a6 6. Be2 e6 7. g4 h6 8. g5 hxg5 9. Bxg5 Be7 10. h4 b5 11. Bf3 Ra7 12. a3 Rc7 13. a4 b4 14. Na2 Bb7 15. Qe2 Nbd7 16. 0-0-0 Rc8 17. Kb1 Ne5 18. Bg2 Nc4 19. f4 Qa5 20. Rhe1 Qb6 21. Bf3 Rc7 22. Nc1 Ng8 23. Ncb3 Bxg5 24. hxg5 Ne7 25. Rh1 Rg8 26. Bg4 e5 27. a5 Nxa5 28. Nxa5 Qxa5 29. Nb3 Qb5 30. Qxb5+ axb5 31. Rxd6 Bxe4 32. Rh2 f5 33. Bd1 exf4 34. Rhd2 Kf7 35. g6+ Nxg6 36. Bh5 Rxc2 37. Bxg6+ Ke7 38. Rd7+ Kf6 39. R7d6+ Ke5 40. R6d5+ Bxd5 0-1

[Event "Sancti Spiritus Concepcion Memorial"]
[Site "Sancti Spiritus"]
[Date "2018.01.20"]
[Round "9"]
[White "Rodriguez Dosina, Adrian"]
[Black "Cantillo Barroso, Rafael"]
[Result "1-0"]
[WhiteElo "2229"]
[BlackElo "2201"]
[PlyCount "79"]
[EventDate "2018.01.16"]
[EventType "tourn"]
[EventRounds "10"]
[EventCountry "CUB"]
[EventCategory "1"]
[SourceTitle "CBM 182 Extra"]
[Source "ChessBase"]
[SourceDate "2018.02.23"]
[SourceVersion "1"]
[SourceVersionDate "2018.02.23"]
[SourceQuality "1"]

1. d4 Nf6 2. c4 g6 3. Nc3 Bg7 4. e4 d6 5. Bd3 0-0 6. Nge2 e5 7. d5 c6 8. 0-0 Na6 9. h3 Nc5 10. Bc2 cxd5 11. cxd5 Ne8 12. Be3 Qh4 13. Qe1 f5 14. exf5 Bxf5 15. Bxf5 gxf5 16. f3 Qxe1 17. Raxe1 Nd3 18. Rb1 f4 19. Rfd1 e4 20. Bd4 exf3 21. Rxd3 fxe2 22. Nxe2 Rc8 23. Nc3 Rc4 24. Bxg7 Nxg7 25. Re1 Nf5 26. Re4 Rfc8 27. Rf3 Ng3 28. Rexf4 Rxf4 29. Rxf4 Rxc3 30. Rg4+ Kf7 31. bxc3 Ne2+ 32. Kf2 Nxc3 33. Rf4+ Kg6 34. Ke1 a6 35. Kd2 Nxd5 36. Rd4 Nf6 37. Rxd6 Kf5 38. Rb6 Ne4+ 39. Ke3 Nc5 40. Rh6 1-0

[Event "Sancti Spiritus Concepcion Memorial"]
[Site "Sancti Spiritus"]
[Date "2018.01.17"]
[Round "2"]
[White "Cantillo Barroso, Rafael"]
[Black "Perez Leiva, Jerzy Jesus"]
[Result "1-0"]
[WhiteElo "2201"]
[BlackElo "2255"]
[PlyCount "67"]
[EventDate "2018.01.16"]
[EventType "tourn"]
[EventRounds "10"]
[EventCountry "CUB"]
[EventCategory "1"]
[SourceTitle "CBM 182 Extra"]
[Source "ChessBase"]
[SourceDate "2018.02.23"]
[SourceVersion "1"]
[SourceVersionDate "2018.02.23"]
[SourceQuality "1"]

1. e4 c5 2. Nf3 e6 3. b4 cxb4 4. d4 Nf6 5. Bd3 Be7 6. 0-0 0-0 7. a3 bxa3 8. e5 Ne8 9. Rxa3 f5 10. d5 exd5 11. Nc3 Nc7 12. Nxd5 Nxd5 13. Bc4 Kh8 14. Bxd5 a5 15. Nd4 Bxa3 16. Bxa3 Nc6 17. Bxf8 Qxf8 18. Nb5 h6 19. Re1 a4 20. Nd6 Nd8 21. Qh5 a3 22. Ba2 Kh7 23. Re3 g6 24. Qf3 Nc6 25. Qf4 g5 26. Qc4 b5 27. Qb3 b4 28. Nxf5 Na5 29. Qd3 Ba6 30. Qxd7+ Kh8 31. Rh3 Bb5 32. Qe6 Ra6 33. Rxh6+ Qxh6 34. Qg8# 1-0

[Event "Camaguey Altuna Memorial tt 1st"]
[Site "Camaguey"]
[Date "2017.12.02"]
[Round "7.3"]
[White "Armesto Casali, Alejandro"]
[Black "Cantillo Barroso, Rafael"]
[Result "0-1"]
[WhiteElo "2103"]
[BlackElo "2188"]
[PlyCount "133"]
[EventDate "2017.11.28"]
[EventType "team-tourn"]
[EventRounds "10"]
[EventCountry "CUB"]
[SourceTitle "EXT 2024"]
[Source "ChessBase"]
[SourceDate "2023.10.10"]
[SourceVersion "1"]
[SourceVersionDate "2023.10.10"]
[SourceQuality "1"]

1. e4 c5 2. Nf3 d6 3. Bb5+ Nd7 4. 0-0 Ngf6 5. Re1 a6 6. Bf1 e5 7. c3 Be7 8. d4 0-0 9. a4 b6 10. d5 Ne8 11. Bd3 g6 12. Bh6 Ng7 13. Qc2 Nf6 14. h3 Kh8 15. Nfd2 Ng8 16. Be3 f5 17. exf5 gxf5 18. f4 e4 19. Be2 Bh4 20. Rd1 Nf6 21. Nf1 Rg8 22. Kh2 Ngh5 23. c4 Ra7 24. Rd2 Rag7 25. Bxh5 Nxh5 26. Ra3 Qf6 27. Re2 Qh6 28. Qc1 Rg6 29. Rb3 Bd8 30. a5 b5 31. cxb5 axb5 32. Na3 b4 33. Nc4 Ba6 34. g3 Qg7 35. Bf2 Bf6 36. Rc2 Bd4 37. Qd2 Bxf2 38. Qxf2 Bb5 39. Re3 Qd4 40. b3 Qxd5 41. Rd2 Qc6 42. Qe1 Ng7 43. Nb6 h6 44. Nd5 Re8 45. g4 fxg4 46. Ng3 Bd3 47. f5 Nxf5 48. Nf4 Rf6 49. Qa1 Nd4 50. Ngh5 Rf7 51. Rg2 Rg8 52. Nxd3 exd3 53. Re6 Kh7 54. Nf6+ Rxf6 55. Rxf6 Nf3+ 56. Kh1 Ne5 57. Qxe5 Qxg2+ 58. Kxg2 dxe5 59. hxg4 Rd8 60. Rf1 e4 61. Re1 e3 62. Kf3 d2 63. Rd1 Rd3 64. Ke2 Rxb3 65. a6 Ra3 66. a7 Rxa7 67. Kxe3 0-1

[Event "Camaguey Altuna Memorial tt 1st"]
[Site "Camaguey"]
[Date "2017.11.30"]
[Round "4.1"]
[White "Romero Arzuaga, Yudel"]
[Black "Cantillo Barroso, Rafael"]
[Result "1/2-1/2"]
[WhiteElo "2162"]
[BlackElo "2188"]
[PlyCount "71"]
[EventDate "2017.11.28"]
[EventType "team-tourn"]
[EventRounds "10"]
[EventCountry "CUB"]
[SourceTitle "EXT 2024"]
[Source "ChessBase"]
[SourceDate "2023.10.10"]
[SourceVersion "1"]
[SourceVersionDate "2023.10.10"]
[SourceQuality "1"]

1. c4 Nf6 2. Nf3 g6 3. g3 Bg7 4. Bg2 0-0 5. Nc3 d6 6. 0-0 e5 7. d3 h6 8. Rb1 a5 9. a3 Nc6 10. b4 axb4 11. axb4 Be6 12. b5 Ne7 13. Bd2 Qd7 14. Qc1 Kh7 15. Ra1 Rab8 16. e4 Bh3 17. Ra7 Nh5 18. Ne1 Bxg2 19. Kxg2 f5 20. f3 g5 21. Nc2 g4 22. fxg4 fxg4 23. Rxf8 Rxf8 24. Rxb7 Ng6 25. Be3 Ngf4+ 26. gxf4 exf4 27. Nd5 f3+ 28. Kf2 Qd8 29. Bg5 hxg5 30. Rxc7 Kh8 31. Qa3 Nf6 32. Qa7 g3+ 33. hxg3 Ng4+ 34. Kf1 Nh2+ 35. Kf2 Ng4+ 36. Kf1 1/2-1/2

[Event "Camaguey Altuna Memorial tt 1st"]
[Site "Camaguey"]
[Date "2017.11.29"]
[Round "2.2"]
[White "Cantillo Barroso, Rafael"]
[Black "Armesto Casali, Alejandro"]
[Result "1-0"]
[WhiteElo "2188"]
[BlackElo "2103"]
[PlyCount "87"]
[EventDate "2017.11.28"]
[EventType "team-tourn"]
[EventRounds "10"]
[EventCountry "CUB"]
[SourceTitle "EXT 2024"]
[Source "ChessBase"]
[SourceDate "2023.10.10"]
[SourceVersion "1"]
[SourceVersionDate "2023.10.10"]
[SourceQuality "1"]

1. e4 e5 2. Nf3 Nc6 3. Bb5 a6 4. Ba4 Nf6 5. 0-0 Be7 6. d4 0-0 7. Re1 b5 8. Bb3 d6 9. c3 Bg4 10. Be3 Na5 11. Bc2 Nc4 12. Bc1 Nd7 13. b3 Ncb6 14. h3 Bh5 15. g4 Bg6 16. Nbd2 exd4 17. cxd4 c5 18. Nf1 Rc8 19. d5 Bf6 20. Rb1 Ne5 21. Nxe5 Bxe5 22. f4 Bd4+ 23. Kg2 Qh4 24. Ng3 f6 25. a4 Rfe8 26. a5 Na8 27. Bd2 b4 28. Qf3 Nc7 29. Bd3 Rb8 30. Rf1 Nb5 31. Be1 Qh6 32. h4 f5 33. g5 fxe4 34. Qg4 Bh5 35. Nxh5 Qg6 36. f5 Qf7 37. g6 Qe7 38. gxh7+ Kh8 39. Nf4 Qf6 40. Bxb5 axb5 41. Bg3 e3 42. Rbe1 Kxh7 43. Ne6 Ra8 44. Nc7 1-0

[Event "Capablanca Memorial op-B 48th"]
[Site "Havana"]
[Date "2013.04.30"]
[Round "9"]
[White "Cantillo Barroso, Rafael"]
[Black "Caballero Rigual, Edis Alberto"]
[Result "1-0"]
[WhiteElo "2177"]
[BlackElo "2065"]
[PlyCount "57"]
[EventDate "2013.04.21"]
[EventType "swiss"]
[EventRounds "9"]
[EventCountry "CUB"]
[SourceTitle "CBM 154 Extra"]
[Source "ChessBase"]
[SourceDate "2013.06.25"]
[SourceVersion "2"]
[SourceVersionDate "2013.06.25"]
[SourceQuality "1"]

1. e4 c5 2. Nf3 Nc6 3. d4 cxd4 4. Nxd4 Nf6 5. Nc3 d6 6. Bc4 e6 7. Be3 Be7 8. 0-0 0-0 9. Bb3 a6 10. f4 Qc7 11. Qf3 Nxd4 12. Bxd4 e5 13. Be3 b5 14. a3 Bb7 15. f5 Rac8 16. Rad1 Qb8 17. Nd5 Bxd5 18. exd5 Rc7 19. g4 Rfc8 20. g5 Nd7 21. f6 Bd8 22. fxg7 Nb6 23. Qh5 Kxg7 24. Rf3 Nc4 25. Rdf1 Qb7 26. g6 hxg6 27. Qh6+ Kg8 28. Rh3 f5 29. Qh8+ 1-0

[Event "Capablanca Memorial op-B 48th"]
[Site "Havana"]
[Date "2013.04.27"]
[Round "6"]
[White "Fernandez de La Vara, Arnaldo"]
[Black "Cantillo Barroso, Rafael"]
[Result "1-0"]
[WhiteElo "2143"]
[BlackElo "2177"]
[PlyCount "115"]
[EventDate "2013.04.21"]
[EventType "swiss"]
[EventRounds "9"]
[EventCountry "CUB"]
[SourceTitle "CBM 154 Extra"]
[Source "ChessBase"]
[SourceDate "2013.06.25"]
[SourceVersion "2"]
[SourceVersionDate "2013.06.25"]
[SourceQuality "1"]

1. e4 c5 2. Nf3 d6 3. d4 cxd4 4. Qxd4 Nc6 5. Bb5 Qa5+ 6. Nc3 Bd7 7. Bxc6 bxc6 8. Bg5 e5 9. Qd2 h6 10. Be3 Be7 11. 0-0 Nf6 12. h3 Qc7 13. Nh2 g5 14. h4 gxh4 15. f4 Nh5 16. f5 Rg8 17. Rf3 Bg5 18. Ng4 Bxe3+ 19. Nxe3 Rd8 20. Rh3 Nf4 21. Rxh4 Qb6 22. Kh2 d5 23. Ng4 Ke7 24. g3 dxe4 25. f6+ Ke8 26. Nxe5 Be6 27. Qxf4 Qxb2 28. Nxe4 Qxa1 29. Nc4 Qe1 30. Ncd6+ Rxd6 31. Nxd6+ Kd7 32. Ne4 Qe2+ 33. Nf2 Rg5 34. Qd4+ Kc8 35. g4 c5 36. Qf4 Rd5 37. Kg3 Qe1 38. Rxh6 Qc3+ 39. Kh4 Qd4 40. Qf3 c4 41. Kg3 Qe5+ 42. Kg2 Kc7 43. Qa3 Qd4 44. Rh3 Rd7 45. Qa5+ Qb6 46. Qe5+ Kb7 47. Rh8 Bd5+ 48. Kg1 Qc7 49. Qb2+ Qb6 50. Qe5 Qb1+ 51. Kh2 Qxa2 52. Rb8+ Ka6 53. Rb2 Qa5 54. Kg1 Qa1+ 55. Kh2 Qa5 56. Kg1 Rd8 57. Rb1 c3 58. Qe2+ 1-0

[Event "Capablanca Memorial op-B 48th"]
[Site "Havana"]
[Date "2013.04.21"]
[Round "1"]
[White "Cantillo Barroso, Rafael"]
[Black "Diaz Rey, Dailen"]
[Result "1-0"]
[WhiteElo "2177"]
[BlackElo "1932"]
[PlyCount "43"]
[EventDate "2013.04.21"]
[EventType "swiss"]
[EventRounds "9"]
[EventCountry "CUB"]
[SourceTitle "CBM 154 Extra"]
[Source "ChessBase"]
[SourceDate "2013.06.25"]
[SourceVersion "2"]
[SourceVersionDate "2013.06.25"]
[SourceQuality "1"]

1. e4 c5 2. Nf3 Nc6 3. d4 cxd4 4. Nxd4 g6 5. Nc3 Bg7 6. Be3 Nf6 7. Bc4 0-0 8. Bb3 d6 9. f3 Bd7 10. h4 h5 11. Qd2 Rc8 12. 0-0-0 Ne5 13. Rdg1 Qa5 14. Kb1 Rfe8 15. Nde2 Nc4 16. Bxc4 Rxc4 17. Bh6 Bh8 18. g4 hxg4 19. h5 Nxh5 20. fxg4 Nf6 21. Bf8 Nh5 22. Rxh5 1-0

[Event "Camaguey Province-ch sf"]
[Site "Camaguey"]
[Date "2009.08.31"]
[Round "17"]
[White "Zamora Rosales, Noslen"]
[Black "Cantillo Barroso, Rafael"]
[Result "1/2-1/2"]
[WhiteElo "2138"]
[BlackElo "2131"]
[PlyCount "24"]
[EventDate "2009.08.15"]
[EventType "tourn"]
[EventRounds "17"]
[EventCountry "CUB"]
[EventCategory "1"]
[SourceTitle "EXT 2012"]
[Source "ChessBase"]
[SourceDate "2011.11.24"]
[SourceVersion "1"]
[SourceVersionDate "2011.11.24"]
[SourceQuality "1"]

1. e4 c5 2. c3 d6 3. d4 cxd4 4. cxd4 g6 5. Nf3 Bg7 6. Nc3 Nf6 7. h3 0-0 8. Bc4 Nc6 9. 0-0 Bd7 10. Be3 Rc8 11. Bb3 Na5 12. Bc2 Nc4 1/2-1/2

[Event "Camaguey Province-ch sf"]
[Site "Camaguey"]
[Date "2009.08.24"]
[Round "10"]
[White "Cantillo Barroso, Rafael"]
[Black "Robaina Hernandez, Carlos"]
[Result "1/2-1/2"]
[WhiteElo "2131"]
[BlackElo "2180"]
[PlyCount "24"]
[EventDate "2009.08.15"]
[EventType "tourn"]
[EventRounds "17"]
[EventCountry "CUB"]
[EventCategory "1"]
[SourceTitle "EXT 2012"]
[Source "ChessBase"]
[SourceDate "2011.11.24"]
[SourceVersion "1"]
[SourceVersionDate "2011.11.24"]
[SourceQuality "1"]

1. e4 e5 2. Nf3 Nc6 3. Bb5 a6 4. Ba4 Nf6 5. 0-0 Be7 6. c3 b5 7. Bb3 d6 8. Re1 0-0 9. h3 Na5 10. Bc2 c5 11. d4 Qc7 12. Nbd2 Nc6 1/2-1/2